Cẩm nang nuôi baba giống và baba thương phẩm

Đã lưu trong:
書目詳細資料
主要作者: Tạ, Thành Cấu
格式: 圖書
語言:Undetermined
出版: Thành phố Hồ Chí Minh Nhà xuất bản Thành phố Hồ Chí Minh 2006
主題:
標簽: 添加標簽
沒有標簽, 成為第一個標記此記錄!
Thư viện lưu trữ: Trung tâm Học liệu Trường Đại học Cần Thơ
LEADER 00623nam a2200205Ia 4500
001 CTU_55522
008 210402s9999 xx 000 0 und d
020 |b 10000 
020 |c 10000 
082 |a 639.392 
082 |b C125 
100 |a Tạ, Thành Cấu 
245 0 |a Cẩm nang nuôi baba giống và baba thương phẩm 
245 0 |c Tạ Thành Cấu 
260 |a Thành phố Hồ Chí Minh 
260 |b Nhà xuất bản Thành phố Hồ Chí Minh 
260 |c 2006 
650 |a Turtle culture 
904 |i Minh 
980 |a Trung tâm Học liệu Trường Đại học Cần Thơ